Physiotherapy / A Psychological Approach (Record no. 5245)
[ view plain ]
| 000 -LEADER | |
|---|---|
| fixed length control field | 01459cam a22002054a 4500 |
| 005 - ΗΜΕΡΟΜΗΝΙΑ ΚΑΙ ΩΡΑ ΤΕΛΕΥΤΑΙΑΣ ΕΝΗΜΕΡΩΣΗΣ | |
| Πεδίο ελέγχου | 20250605164207.0 |
| 008 - FIXED-LENGTH DATA ELEMENTS--GENERAL INFORMATION | |
| Πεδίο ελέγχου σταθερού μήκους | 250528s ||||||||||||||||||||||||d |
| 035 ## - SYSTEM CONTROL NUMBER | |
| System control number | 20106 |
| 020 ## - ISBN | |
| ISBN | 750626089 |
| 040 ## - ΠΗΓΗ ΚΑΤΑΛΟΓΟΓΡΑΦΗΣΗΣ | |
| Φορέας πρωτότυπης καταλογογράφησης | MC Athens Campus Library |
| Γλώσσα καταλογογράφησης | Ελληνικά, Μοντέρνα (1453-) |
| Modifying agency | MC Athens Campus Library |
| Κανόνες περιγραφικής καταλογογράφησης | AACR2 |
| 245 1# - ΤΙΤΛΟΣ ΚΑΙ ΔΗΛΩΣΗ ΥΠΕΥΘΥΝΟΤΗΤΑΣ | |
| Τίτλος | Physiotherapy / A Psychological Approach |
| 250 ## - EDITION STATEMENT | |
| Edition statement | 2nd |
| 260 ## - PUBLICATION, DISTRIBUTION, ETC. | |
| Name of publisher, distributor, etc. | Butterworth Heinemann, |
| Date of publication, distribution, etc. | 1997 |
| 300 ## - PHYSICAL DESCRIPTION | |
| Extent | 438 |
| 520 ## - SUMMARY, ETC. | |
| Summary, etc. | This book applies theoretical expertise in psychology and sociology to physiotherapy practice. Preface, Psychosocial Influences on Health Care Practice, Society and the Changing Nature of Illness and Disease, Inequalities in Health, Institutional and Community Living, Sex and Gender and Health Care, Health Care for People from Ethnic Minority Groups, Ageism, The Attitudes of Health Professionals Towards Disabled People, The Experience of Illness and Disability, The Psychology and Sociology of Pain, Psychological Principles Applied to Sports Injuries, Death and Dying and Bereavement, Dimensions of Impairment and Disability, Communication in Physiotherapy Practice, Interpersonal Communication, Clinical Interviewing, The Powerful Placebo, Psychosocial Aspects of Physiotherapy Practice, Ethics and Moral Decision-Making, Sexuality and Disability, Health and Health Education and Physiotherapy Practice, Psychological Treatment in Physiotherapy Practice, Index. |
| 700 1# - ΠΡΟΣΘΕΤΗ ΑΝΑΓΡΑΦΗ--ΦΥΣΙΚΟ ΠΡΟΣΩΠΟ | |
| Personal name | French Sally |
| 9 (RLIN) | 6156 |
| 942 ## - ADDED ENTRY ELEMENTS (KOHA) | |
| Koha item type | Books |
| Τύπος τεκμηρίου | Βιβλιοθήκη | Τρέχουσα τοποθεσία | Barcode | Αριθμός εισαγωγής | Ημερομηνία απόκτησης | Ταξιθετικό σύμβολο | Αριθμός αντιτύπου | Κατάσταση απόσυρσης | Κατάσταση χαμένου | Κατάσταση κατεστραμμένου | Μη δανεισμός | Σύνολο δανεισμών | Ημερομηνία τελευταίας εμφάνισης | Η τιμή ισχύει από |
|---|---|---|---|---|---|---|---|---|---|---|---|---|---|---|
| Books | MC Athens Campus Library | MC Athens Campus Library | 9780000052445 | 6327 | 05/06/2025 | 615.8/2 FRE | 1 | 05/06/2025 | 05/06/2025 |